00694nam a22002417a 4500003000500000005001700005008004100022010001000063011001000073035001000083040000900093082001300102100003000115245004700145250001000192260003600202300002000238490006100258650002100319650002100340700003000361830006100391CHAP20220329140747.0971013s1979 r 00010 d a57204 a58176 a62331 cCHAP a576bS4500aSkinner, Frederic Arthur. aIdentification methods for microbiologists a2 ed. aLondon :bAcademic Press,c1979 a315 p.b: ilus. aSociety for Applied Bacteriology. Technical seriesv; 1414aMicrobiología.14aMicroorganismos.0 aLovelock, Dennis William.0 aSociety for Applied Bacteriology. Technical seriesv; 14